Improvements in high speed, high resolution dynamic digital image correlation for experimental evaluation of composite drive system components /

Bibliographic Details
Main Author: Kohlman, Lee W. (Author)
Corporate Author: Fundamental Aeronautics Program (U.S.) (sponsoring body.)
Format: Government Document eBook
Language:English
Published: Cleveland, Ohio : National Aeronautics and Space Administration, Glenn Research Center, July 2013.
Series:NASA technical memorandum ; 216537.
Subjects:
Online Access:https://purl.fdlp.gov/GPO/gpo54392
http://purl.fdlp.gov/GPO/gpo54392

MARC

Tag First Indicator Second Indicator Subfields
LEADER 00000cam a2200000Ii 4500
001 in00003432016
005 20210430153302.0
006 m o d f
007 cr m||||||||||
008 150120e201307 ohua obt f000 0 eng d
035 |a (OCoLC)ocn900465166 
040 |a GPO  |b eng  |e rda  |e pn  |c GPO  |d MvI 
049 |a WWW 
074 |a 0830-D (online) 
086 0 |a NAS 1.15:2013-216537 
100 1 |a Kohlman, Lee W.,  |e author. 
245 1 0 |a Improvements in high speed, high resolution dynamic digital image correlation for experimental evaluation of composite drive system components /  |c Lee W. Kohlman [and three others]. 
264 1 |a Cleveland, Ohio :  |b National Aeronautics and Space Administration, Glenn Research Center,  |c July 2013. 
300 |a 1 online resource (6 pages) :  |b color illustrations. 
336 |a text  |b txt  |2 rdacontent 
337 |a computer  |b c  |2 rdamedia 
338 |a online resource  |b cr  |2 rdacarrier 
490 1 |a NASA-TM ;  |v 2013-216537 
500 |a Title from title screen (viewed Jan. 20, 2015). 
500 |a "July 2013." 
500 |a "Prepared for the 69th Annual Forum and Technology Display (AHS Forum 69) sponsored by the American Helicopter Society, Phoenix, Arizona, May 21-23, 2013." 
504 |a Includes bibliographical references (page 6). 
536 |a Sponsored by the Fundamental Aeronautics Program at the NASA Glenn Research Center  |g WBS-380046.02.03.02.02.01.01 
536 |d E-18717  |d GRC-E-DAA-TN8624 
650 7 |a High speed photography.  |2 nasat 
650 7 |a High speed cameras.  |2 nasat 
650 7 |a Image correlators.  |2 nasat 
650 7 |a Light emitting diodes.  |2 nasat 
650 7 |a High speed imaging.  |2 nasat 
650 7 |a Digital image correlation.  |2 nasat 
710 2 |a NASA Glenn Research Center,  |e issuing body. 
710 2 |a Fundamental Aeronautics Program (U.S.),  |e sponsoring body. 
830 0 |a NASA technical memorandum ;  |v 216537. 
856 4 0 |u https://purl.fdlp.gov/GPO/gpo54392  |t 0 
856 4 0 |u http://purl.fdlp.gov/GPO/gpo54392  |t 0 
999 f f |s 1123ea00-23c6-3cd0-bf6f-051ac49d2e64  |i 1fa4a674-ae63-3557-9ac7-7812191d48e6  |t 0 
952 f f |a Texas A&M University  |b College Station  |c Electronic Resources  |d Available Online  |t 0  |e NAS 1.15:2013-216537  |h Superintendent of Documents classification 
998 f f |a NAS 1.15:2013-216537  |t 0  |l Available Online